00798nam a2200229Ii 45000010005000000030009000050080041000140200015000550400033000700410008001030820013001111000026001242450059001502640061002093000012002703360026002823370028003083380027003369400050003639990017004139520138004302039CO-ViMGA241108s9999||||xx |||||||||||||| ||und|| a8484700364 aCO-ViMGAbspaerdacCO-ViMGA0 aspa04a630 D85g1 aPhilippe Dumas95128410aLa granja :bCroquis al natural de una granja de antes 1a[Lugar de publicación no identificado] : Corimbo, 2001 avolumen atextbtxt2rdacontent aunmediatedbn2rdamedia avolumebnc2rdacarrier aidficha_siabuc: 1997. -- ficha_no_siabuc:2039 c45995d45995 001040708InfPoTiaMEVIGERRbMEVIGERRcSInfd2004-07-23o630 D85gpECA15184r2024-11-26 09:29:24tEj.1w2024-11-26yBKz1997 | 2360